LDR 01214naa#a2200193#i#450# 001 RU\\bibl\120436 005 20260416142235.4 011 ## _a2409-1073 100 ## _a20240620b2024####ek#y0rusy0150####ca 102 ## _aRU 200 1# _aНравственные основания и ценностные приоритеты современного Интернета _eЖурнальная статья 210 1# _aМосква _cФедеральное государственное автономное образовательное учреждение высшего образования Национальный исследовательский университет "Московский институт электронной техники" _d2024 215 ## _a0 с. 608 ## _aЖурнальная статья _2local 675 ## _aЭтика. Учение о морали. Практическая философия. 17 _aПрименения компьютерных сетей. 004.77 _z 700 #1 _aАракелян _gМарина Александровна 700 #1 _aПопова _gЕлена Анатольевна 700 #1 _aБогданова _gИрина Сергеевна 856 4# _aesgi-journal.ru _u